|
|
|
|
| LEADER |
01653nam a2200373 i 4500 |
| 001 |
EBC5778065 |
| 003 |
MiAaPQ |
| 005 |
20200520144314.0 |
| 006 |
m o d | |
| 007 |
cr cnu|||||||| |
| 008 |
190605s2019 hu o 000 0 eng d |
| 020 |
|
|
|z 9789633862926
|
| 020 |
|
|
|a 9789633862940 (e-book)
|
| 035 |
|
|
|a (MiAaPQ)EBC5778065
|
| 035 |
|
|
|a (Au-PeEL)EBL5778065
|
| 035 |
|
|
|a (OCoLC)1102346313
|
| 040 |
|
|
|a MiAaPQ
|b eng
|e rda
|e pn
|c MiAaPQ
|d MiAaPQ
|
| 050 |
|
4 |
|a HD60
|b .B738 2019
|
| 082 |
0 |
|
|a 658.408
|2 23
|
| 100 |
1 |
|
|a Braun, Robert,
|e author.
|
| 245 |
1 |
0 |
|a Corporate stakeholder democracy :
|b politicizing corporate social responsibility /
|c Robert Braun.
|
| 264 |
|
1 |
|a Budapest, Hungary ;
|a New York, NY :
|b Central European University Press,
|c 2019.
|
| 300 |
|
|
|a 1 online resource (342 pages)
|
| 336 |
|
|
|a text
|b txt
|2 rdacontent
|
| 337 |
|
|
|a computer
|b c
|2 rdamedia
|
| 338 |
|
|
|a online resource
|b cr
|2 rdacarrier
|
| 588 |
|
|
|a Description based on print version record.
|
| 590 |
|
|
|a Electronic reproduction. Ann Arbor, MI : ProQuest, 2018. Available via World Wide Web. Access may be limited to ProQuest affiliated libraries.
|
| 650 |
|
0 |
|a Social responsibility of business.
|
| 650 |
|
0 |
|a Corporate governance
|x Moral and ethical aspects.
|
| 655 |
|
4 |
|a Electronic books.
|
| 776 |
0 |
8 |
|i Print version:
|a Braun, Robert.
|t Corporate stakeholder democracy : politicizing corporate social responsibility.
|d Budapest, Hungary ; New York, NY : Central European University Press, 2019
|h 342 pages
|z 9789633862926
|
| 797 |
2 |
|
|a ProQuest (Firm)
|
| 856 |
4 |
0 |
|u https://ebookcentral.proquest.com/lib/matrademy/detail.action?docID=5778065
|z Click to View
|